| 000 | 00352nam a22001217a 4500 | ||
|---|---|---|---|
| 008 | 230828b |||||||| |||| 00| 0 eng d | ||
| 022 | _a0970-2334 | ||
| 040 |
_aNational Science Library _cNational Science Library |
||
| 245 | _aBulletin of Indian vacuum society | ||
| 260 |
_aBombay: _bIndian Vacuum Society, _c1998 |
||
| 310 | _aQuarterly | ||
| 942 | _cCR | ||
| 999 |
_c59856 _d59856 |
||